000 01746nam a2200373 c 4500
999 _c198769
_d198769
003 BLK
005 20250718165947.0
008 180411b bul|||||r ||||||| ||bul||
010 _aKNG00208119000
020 _a978-954-26-1657-3
040 _aBLK
041 _aBUL
_cBUL
072 7 _2bullib
_aН83
_xЧужда художествена литература Н
080 _aАмериканска литература (на САЩ)
_b821.111(73)
_x-31
_z821.111(73)-31
100 1 _aХоторн, Натаниел
_eпърви автор
_9373672
139 _aХоторн, Натаниел
_bХ 70
245 1 0 _aАлената буква
_cНатаниел Хоторн; прев. от англ. Валентина Борисова Рашева-Джейвънс.
250 _aНово изд.
257 _aUSA
260 _bХермес
_c2017
_fСофия : Алианс принт
300 _a240 с.
_c21 см
380 _aX
490 1 _aКлуб Класика
500 _aОриг. загл.: The scarlet letter / Nathaniel Hawthorne. - Възприетата форма на името на Валентина Рашева-Джейвънс е Валентина Борисова Рашева. - 1. изд. 1984 на изд. Нар. култура. - Биогр. данни за авт. отбелязани на гърба на кор.
659 _aН
700 1 _aРашева-Джейвънс, Валентина Борисова
_eпрев. от англ.
_9374068
852 _aЦб 286138
856 4 _qpdf
856 4 _qpdf
942 _cKNG
_n0
_s1
_014
944 _aCR
_c16.06.2017
_k30530
_lМинев Младен
944 _aED
_c26.10.2017
_kВиолета_Тройчева
999 _d198769